000 00326nam a2200133Ia 4500
005 20251222142016.0
008 251222s9999||||xx |||||||||||||| ||spa||
020 _a84-206-3864-1
082 _a791.437.5/S25
100 _aSantamarina, Antonio
245 0 _aEl Cine Negro en 100 PelĂ­culas
264 _bAlianza
942 _cLIB
999 _c10502
_d10502